Sports Quiz

Random Sports or State Quiz

For kot4q leaders in random stats Quiz Stats

 Plays Quiz not verified by Sporcle

Also try: NFL Offensive POTY
Challenge
Share
Tweet
Embed
Score 0/4 Timer 10:00
1 Play Today
Question Answer Wrong Answers
who has scored the most 4 point plays jamal crawford
79.5%
lebron james
4.5%
james harden
9.1%
larry bird
6.8%
which nba player has a youtube account kevin durant
69.3%
steph curry
15.9%
lebron james
8%
james harden
6.8%
who has hot scored 20,000 points in there career john stockton
47.7%
joe johnson
21.6%
pau gasol
17%
tom chambers
13.6%
who has had the most tournovers in a game jason kidd
36.4%
allen iverson
30.7%
rajon rondo
26.1%
chris paul
6.8%

You're not logged in!

Compare scores with friends on all Sporcle quizzes.
Join for Free
OR
Log In

You Might Also Like...

Show Comments

Extras

Created Jun 12, 2017ReportFavoriteNominate
Tags:State Quiz, KOT4Q, leader

Top Quizzes Today


Score Distribution

Your Account Isn't Verified!

In order to create a playlist on Sporcle, you need to verify the email address you used during registration. Go to your Sporcle Settings to finish the process.

Report this User

Report this user for behavior that violates our Community Guidelines.

Details: